000 00425nam a2200181Ia 4500
003 0100
008 130303s9999 xx 000 0 und d
040 _cARRUPELIB
050 _aT14.R42
100 _aRescher, Nicholas
245 _aUnpopular essays on technological progress
260 _aPittsburgh PA
260 _bUniv. of Pittsburgh Pr.
260 _C1980
300 _a122p
650 _bSkepticism
942 0 0 _02
999 _c26583
_d26583